000
00218 a2200097 4500
001
59830
100
_a
245
_a
Nabi Karim S.A, Mahere Nafsiat (Urdu)
260
_a
Lahore
_b
Al Faisal
_c
1993
090
_c
36664
_d
36664
942
_a
NUST-CAE
_c
_c
29629
999
_c
294903
_d
294903